LEADER 01340nam a2200313 u 4500 001 000000046637 003 CaOOAMICUS 005 20070226114809.0 008 990715s1987 it u000 u ita u 020 $a883841193X 035 $a10829874 040 $aPUL(R)$bita 100 1 $aConcetti, Gino,$cO.F.M.$0(OLS)http://pul/name/8981 245 12$aI trapianti di organi umani :$besigenze morali /$cGino Concetti. 260 $aCasale Monferrato :$bPiemme,$c[c1987] 300 $a82 p. ;$c21 cm 490 1 $aAzione pastorale 650 4$aTrapianto (Chirurgia)$xDiritto e legislazione.$0(OLS)http://pul/subject/3425 650 4$aTeologia morale.$0(OLS)http://pul/subject/1500 830 0$aAzione pastorale.$0(OLS)http://pul/title/61253 850 $aPUL 852 $aPUL$W1$xSL Religione 1$y3$m39 B 119$j62466$nBK-PRI$b $qStampati$B62466$CPULBib$Z2$F62466 $H $81 852 $aPUL$W1$xDP1 Fondo Seidl$y56$m2 C 38$j62467$nBK-PRI$b $qFondi$B62467$CPULBib$Z2$F62467 $HPUL91609 $81 941 1 $a8 941 1 $a1 961 $aINV: 65454 996 $6020$a883841193X$9(OLS)http://pul/number/58145 996 $6245$aI trapianti di organi umani :$besigenze morali$9(OLS)http://pul/title/62785 996 $6260$aCasale Monferrato :$bPiemme$9(OLS)http://pul/publisher/51813 LEADER 01382nam a2200337 a 4500 001 000000171501 003 CaOOAMICUS 005 20200303162113.0 008 190215s2018 it 001 u ita r 020 $a978-88-3270-291-0* 032 $aLibriCat 040 $aPUL$bita 082 04$a342.45 100 1 $aGarofoli, Roberto.$0(OLS)http://pul/name/67736 245 10$aManuale di diritto amministrativo /$cRoberto Garofoli, Giulia Ferrari. 250 $aDodicesima edizione 2018/2019. 260 $aRoma :$bNeldiritto,$c2018. 300 $aXLVI, 2277 p. ;$c25 cm 490 1 $aI nuovi manuali superiori 504 $aBibliografia in nota. 650 4$aDiritto amministrativo$zItalia$vManuali.$0(OLS)http://pul/subject/17904 700 1 $aFerrari, Giulia.$0(OLS)http://pul/name/70557 830 2$aI nuovi manuali superiori.$0(OLS)http://pul/title/212305 850 $aPUL 852 $aPUL$W1$xDP2 Diritto e Scienze Sociali 3$y110$m342. 45 ALPGU 3$j195204$qDDC 21$B200105$CPULBib$Z2$F200105 $H132325 $82 941 1 $a9 996 $6020$a978-88-3270-291-0*$9(OLS)http://pul/number/165743 996 $6082$a342.45$9(OLS)http://pul/classification/377 996 $6245$aManuale di diritto amministrativo$9(OLS)http://pul/title/52899 996 $6260$aRoma :$bNeldiritto$9(OLS)http://pul/publisher/79815 LEADER 02191nam a2200373 a 4500 001 000000174846 003 CaOOAMICUS 005 20211202162309.0 008 211202s2021 it o 001 u ita r 020 $a978-88-88758-85-5* 032 $aLibriCat 040 $aPUL$bita 082 04$a271.7912 245 00$aIstruzioni per un novizio dell'Ordine di Malta (ms. XVIII sec.) /$ca cura di Antonella Dargenio ; Introduzione di Luigi Michele Di Palma. 246 03$aIstruzioni intorno agli oblighi del proprio stato de' Cavalieri di Malta distese dal Commendatore fra' Giambattista le Marinier de Cany della Veneranda Lingua di Francia e ristrette in compendio per ammaestramento d'un novizio del medesimo Sacro Ordine 260 $aBari :$bEcumenica,$c2021. 300 $a311 p. :$bfoto ;$c24 cm. 490 1 $aMelitensia ;$v17 504 $aBibliografia in nota. 505 0 $aContiene la trascrizione del manoscritto 86 della Biblioteca Magistrale del Sacro Ordine di Malta Roma. 610 24$aCavalieri di Malta$xStoria.$0(OLS)http://pul/subject/14822 700 1 $aLe Marinier De Cany, Jean Baptiste,$d1645-1689.$0(OLS)http://pul/name/112404 700 1 $aDargenio, Antonella.$0(OLS)http://pul/name/77040 700 1 $aDe Palma, Luigi Michele,$csacerdote,$d1958-$0(OLS)http://pul/name/1835 830 0$aMelitensia ;$v17.$0(OLS)http://pul/title/196765 850 $aPUL 852 $aPUL$W1$xSL Religione 3$y85$m271. 7912 DARAN 1$j199143$qDDC 21$B203793$CPULBib$Z2$F203793 $H135250 $82 941 1 $a9 996 $6020$a978-88-88758-85-5*$9(OLS)http://pul/number/168401 996 $6082$a271.7912$9(OLS)http://pul/classification/3005 996 $6245$aIstruzioni per un novizio dell'Ordine di Malta (ms. XVIII sec.)$9(OLS)http://pul/title/216210 996 $6246$aIstruzioni intorno agli oblighi del proprio stato de' Cavalieri di Malta distese dal Commendatore fra' Giambattista le Marinier de Cany della Veneranda Lingua di Francia e ristrette in compendio per ammaestramento d'un novizio del medesimo Sacro Ordine$9(OLS)http://pul/title/216211 996 $6260$aBari :$bEcumenica$9(OLS)http://pul/publisher/53992